Abeceda obchodu Rukověť exportéra

Podrobnejší prieskum konkrétnych trhov.. Výrobky, dodávatelia, ceny, koncový užívateľ, potencionálny zákazník. Zdroje pre cenovú dokumentáciu..

Salvato in:
Dettagli Bibliografici
Natura: Capitolo di libro
Lingua:ceco
Soggetti:
Tags: Aggiungi Tag
Nessun Tag, puoi essere il primo ad aggiungerne!!

MARC

LEADER 00000naa$a2200000$$$4500
001 0003192
005 20230908091412.9
041 0 |a cze 
044 |a CZ 
245 1 0 |a Abeceda obchodu  |b Rukověť exportéra 
520 |a Podrobnejší prieskum konkrétnych trhov.. Výrobky, dodávatelia, ceny, koncový užívateľ, potencionálny zákazník. Zdroje pre cenovú dokumentáciu.. 
610 2 0 |a styk zahraničnoobchodný 
610 2 0 |a prieskum trhu 
610 2 0 |a výrobky 
610 2 0 |a ceny 
610 2 0 |a dokumentácia cenová 
610 2 0 |a spotrebitelia